| 000 | 00495nam a2200217Ia 4500 | ||
|---|---|---|---|
| 008 | 160803s9999 xx 000 0 und d | ||
| 020 | _a9780439738583 | ||
| 100 | _aValle, Elsie | ||
| 245 | _aAll dressed up : | ||
| 245 | _cElsie Valle. | ||
| 260 | _aNew York : | ||
| 260 | _bScholastic Inc. | ||
| 260 | _c2006 | ||
| 300 | _a16 pages : | ||
| 300 | _billustrations ; | ||
| 300 | _c23 cm. | ||
| 650 | _aFashion -- | ||
| 650 | _aFashion. | ||
| 650 | _xHistory. | ||
| 700 | _a390 | ||
| 999 |
_c298164 _d298164 |
||